Billboard 200 Albums Chart (03/04/2023) - Statistics

General Stats
  • This quiz has been taken 10 times
  • The average score is 21 of 100
Answer Stats
Artist(s) Title % Correct
Ed Sheeran =
100%
Rihanna ANTI
70%
Harry Styles Harry's House
70%
Taylor Swift Midnights
70%
SZA SOS
70%
Taylor Swift 1989
60%
Post Malone beerbongs & bentleys
60%
Olivia Rodrigo SOUR
60%
Drake Certified Lover Boy
50%
Kendrick Lamar DAMN.
50%
Harry Styles Fine Line
50%
Taylor Swift folklore
50%
Post Malone Hollywood's Bleeding
50%
Tyler, The Creator IGOR
50%
Taylor Swift Lover
50%
Drake Scorpion
50%
The Weeknd After Hours
40%
Arctic Monkeys AM
40%
SZA Ctrl
40%
Kendrick Lamar good kid, m.A.A.d city
40%
Kendrick Lamar Mr. Morale & The Big Steppers
40%
Beyoncé RENAISSANCE
40%
Taylor Swift reputation
40%
The Weeknd Starboy
40%
Drake Views
40%
J. Cole 2014 Forest Hills Drive
30%
Bruno Mars Doo-Wops & Hooligans
30%
Dua Lipa Future Nostalgia
30%
Juice WRLD Goodbye & Good Riddance
30%
Drake / 21 Savage Her Loss
30%
Metro Boomin Heroes & Villains
30%
Juice WRLD Legends Never Die
30%
Taylor Swift Red (Taylor's Version)
30%
Fleetwood Mac Rumours
30%
Pop Smoke Shoot For The Stars Aim For The Moon
30%
Post Malone Stoney
30%
Drake Take Care
30%
Lil Durk 7220
20%
Zach Bryan American Heartbreak
20%
Travis Scott ASTROWORLD
20%
Eminem Curtain Call 2
20%
Juice WRLD Death Race For Love
20%
Elton John Diamonds
20%
Steve Lacy Gemini Rights
20%
Kanye West Graduation
20%
Ice Spice Like..?
20%
Nirvana Nevermind
20%
Doja Cat Planet Her
20%
21 Savage / Metro Boomin Savage Mode II
20%
Baby Keem The Melodic Blue
20%
Paramore This Is Why
20%
Michael Jackson Thriller
20%
P!nk TRUSTFALL
20%
Bad Bunny Un Verano Sin Ti
20%
Lana Del Rey Born To Die
10%
Morgan Wallen Dangerous: The Double Album
10%
Rihanna Good Girl Gone Bad
10%
2Pac | Guns N' Roses | Journey | Queen Greatest Hits
10%
Future I NEVER LIKED YOU
10%
Rihanna Loud
10%
Kelsea Ballerini Rolling Up the Welcome Mat
10%
Post Malone Twelve Carat Toothache
10%
Miguel All I Want Is You
0%
Rod Wave Beautiful Mind
0%
Jordan Davis Bluebird Days
0%
Creedence Clearwater Revival Chronicle: The 20 Greatest Hits
0%
Eminem Curtain Call: The Hits
0%
Ivan Cornejo Dañado
0%
Kane Brown Different Man
0%
The Kid LAROI F*CK LOVE
0%
Sam Smith Gloria
0%
Luke Combs Growin' Up
0%
Lin-Manuel Miranda Hamilton (Original Broadway Cast Recording)
0%
Morgan Wallen If I Know Me
0%
Chris Brown Indigo
0%
Lil Baby It's Only Me
0%
Bailey Zimmerman Leave The Light On
0%
Bob Marley & The Wailers Legend - The Best Of Bob Marley And The Wailers
0%
Taylor Swift Lover (Live From Paris)
0%
Lil Uzi Vert Luv Is Rage 2
0%
Lil Baby My Turn
0%
Skrillex Quest For Fire
0%
Rod Wave SoulFly
0%
Lizzo Special
0%
ATEEZ SPIN OFF : FROM THE WITNESS
0%
Chris Stapleton Starting Over
0%
The Weeknd The Highlights
0%
HARDY the mockingbird & THE CROW
0%
TOMORROW X TOGETHER The Name Chapter: TEMPTATION
0%
Big Scarr The Secret Weapon
0%
JVKE this is what ____ feels like (Vol. 1-4)
0%
Luke Combs This One's for You
0%
Chris Stapleton Traveller
0%
Rihanna Unapologetic
0%
Brent Faiyaz WASTELAND
0%
Luke Combs What You See Is What You Get
0%
Bad Bunny YHLQMDLG
0%
No matching quizzes found
Score Distribution
Percent of People with Each Score
Percentile by Number Answered
Your Score History
You have not taken this quiz